000 00471nam a2200145 a 4500
008 120416s0000 ||||||||||||||||| || u
020 _a0436200627
050 _aPS 3552.E52W7
100 _aBenedict, Pinckney
245 1 4 _aThe wrecking yard
260 _aLondon
_bSecker & Warburg
_c1992
300 _aviii, 195p.
350 _a0.00
995 _D0.00
_FCBU-MAIN LIBRARY (Kitwe)
_H1
_I7.99
_M1
_UAVAILABLE
_ZFiction Collection
999 _c62216
_d62216